مكتبة جامعة عجلون الوطنية

فهرس بحث المكتبة

أساسيات منهجية البحث في العلوم الإنسانية: المشروع التطويري: البحث العلمي والتربوي (Record no. 11085)

MARC details
000 -LEADER
fixed length control field 00878nam a2200205Ii 4500
003 - CONTROL NUMBER IDENTIFIER
control field JO-AjNU
008 - FIXED-LENGTH DATA ELEMENTS--GENERAL INFORMATION
fixed length control field 230605s9999||||xx |||||||||||||| ||und||
040 ## - CATALOGING SOURCE
Original cataloging agency JO-AjNU
Language of cataloging ara
Description conventions rda
Transcribing agency JO-AjNU
041 ## - LANGUAGE CODE
Language code of text/sound track or separate title ara
050 14 - LIBRARY OF CONGRESS CALL NUMBER
Classification number Q180.A1.Z39 2007
100 3# - MAIN ENTRY--PERSONAL NAME
Personal name زايد، فهد خليل,
Relator term author
9 (RLIN) 21574
245 00 - TITLE STATEMENT
Title أساسيات منهجية البحث في العلوم الإنسانية: المشروع التطويري: البحث العلمي والتربوي
250 ## - EDITION STATEMENT
Edition statement د.ط
264 31 - PRODUCTION, PUBLICATION, DISTRIBUTION, MANUFACTURE, AND COPYRIGHT NOTICE
Place of production, publication, distribution, manufacture عمان: دار النفائس، 2007
300 ## - PHYSICAL DESCRIPTION
Extent 278ص
Other physical details ملحق من صفحة م240-245 فهرس من246-247ص
336 ## - CONTENT TYPE
Content type term text
Content type code txt
Source rdacontent
337 ## - MEDIA TYPE
Media type term unmediated
Media type code n
Source rdamedia
338 ## - CARRIER TYPE
Carrier type term volume
Carrier type code nc
Source rdacarrier
650 #4 - SUBJECT ADDED ENTRY--TOPICAL TERM
Topical term or geographic name entry element الانسانيات - طرق البحث - العلوم الاجتماعية - طرق البحث - البحث العلمي
9 (RLIN) 21575
Holdings
Withdrawn status Lost status Source of classification or shelving scheme Damaged status Not for loan Home library Current library Shelving location Date acquired Total Checkouts Full call number Barcode Date last seen Price effective from Koha item type
    Library of Congress Classification     مكتبة جامعة عجلون الوطنية مكتبة جامعة عجلون الوطنية المجموعات العامة 06/06/2023   Q180.A1.Z39 2007 A7517 06/06/2023 06/06/2023 Books